000 00848nam a2200277 i 4500
003 DO-SdBNP
005 20230919092151.0
007 ta
008 230918b2023 dr ||||| |||| 00| 0 spa d
020 _a9789945635836
040 _aDO-SdBNP
_bspa
_cBNPHU
_erda
082 4 _aRD861.5
_bM844f
_222
100 1 _aMoreta, Eudys,
_921612
_eautor
245 1 0 _aFantasía /
_cEudys Moreta
264 _aSanto Domingo :
_bSantuario,
_c2023.
300 _a89 páginas
_c23 cm.
336 _2rdacontent
_atexto
_btxt
337 _2rdamedia
_asin mediación
_bn
338 _2rdacarrier
_avolumen
_bnc
590 _aLa biblioteca posee 1 ejemplar autografíado por la autora
590 _aInventariado, 2023/BT
650 4 _aPoesía dominicana
650 4 _aLiteratura dominicana
910 _aBtavárez/Validado. Control de calidad MFF
942 _2ddc
_cLBS1
999 _c54800
_d54800